ნორმალური ფორმატი
MARC ფორმატი
ჩანაწერი Personal Name
ჩანაწერთა რაოდენობა, რომელიც გამოყენებულია: 1
001 - CONTROL NUMBER
- control field: 4120
003 - CONTROL NUMBER IDENTIFIER
- control field: GE_BSU
005 - DATE AND TIME OF LATEST TRANSACTION
- control field: 20190919122650.0
008 - FIXED-LENGTH DATA ELEMENTS
- fixed length control field: 190919|| aca||aabn | a|a d
040 ## - CATALOGING SOURCE
- Original cataloging agency: GE_BSU
- Transcribing agency: GE_BSU
100 ## - HEADING--PERSONAL NAME
- Personal name: ეძღვნება ქართული აბსტრაქტული მათემატიკური სკოლის ფუძემდებლის და საზოგადო მოღვაწის, აკად. გიორგი ჭოღოშვილის დაბადების 100 წლისთავს.
670 ## - SOURCE DATA FOUND
- Source citation: Work cat.: (GE_BSU)54201: ბალაძე , ვლადიმერ. 4118, ტოპოლოგია. ნაწ. 1. ზოგადი ტოპოლოგიის საფუძვლები :
